• 首页
  • 本馆介绍
  • 公告通知
  • 最新文献
  • 馆藏检索
  • 电子资源
  • 读者导购
  • 参考咨询
  • 我的图书馆
  • 登录
  • 详细信息显示
  • 放入我的书架
  • 预约/预借图书
  • 作者相关作品
  • 分类相关作品
  • 丛书相关作品
  • 出版社相关作品

书目信息

  • 表格格式
  • 工作单格式
  • 卡片格式
题名:
隋唐五代史
    
 
作者: 吕思勉 著
分册: 上  
出版信息: 北京   北京理工大学出版社  2016
页数: 2册(725页)
开本: 21cm
丛书名:
单 册:
中图分类: K241 , K243
科图分类:
主题词: 隋唐时代--sui tang shi dai--历史 , 五代十国时期--wu dai shi guo shi qi--历史
电子资源:
ISBN: 978-7-5682-1614-2
000 00899nam0 22002651 450
001 0118172414
005 20170619154405.00
010    @a978-7-5682-1614-2@dCNY30.00 (全2册60.00)
100    @a20160512d2016 em y0chiy50 ea
101 0  @achi
102    @aCN@b110000
105    @ay z 000yy
106    @ar
200 1  @a隋唐五代史@Asui tang wu dai shi@h上@f吕思勉著
210    @a北京@c北京理工大学出版社@d2016
215    @a2册(725页)@d21cm
300    @a中国大历史/马东峰主编
330    @a本书共分二十三章,内容包括:总论;隋室兴亡;唐之初盛;武、韦之乱;开元、天宝治乱;安史乱后形势;德宗事迹;唐室乱亡、五代十国始末等。
606 0  @a隋唐时代@Asui tang shi dai@x历史
606 0  @a五代十国时期@Awu dai shi guo shi qi@x历史
690    @aK241@v5
690    @aK243@v5
701  0 @a吕思勉@Alv si mian@f(1884~1957)@4著
801  0 @aCN@bTANGWEI@c20170616
905    @b1009881-6@dK241@e14:1@f6
    
    隋唐五代史.上/吕思勉著.-北京:北京理工大学出版社,2016
    2册(725页);21cm
    中国大历史/马东峰主编
    
    ISBN 978-7-5682-1614-2:CNY30.00 (全2册60.00)
    本书共分二十三章,内容包括:总论;隋室兴亡;唐之初盛;武、韦之乱;开元、天宝治乱;安史乱后形势;德宗事迹;唐室乱亡、五代十国始末等。
●
相关链接 在E读中查询图书 在五车中查询图书 在当当中查询图书 在豆瓣中查询图书


正题名:隋唐五代史     索取号:K241/14:1         预约/预借

序号 登录号 条形码 馆藏地/架位号 状态 备注
1 1009881   210098810   第二样本阅览室/ [索取号:K241/14:1] 在馆    
2 1009882   210098829   教育系资料室/ [索取号:K241/14:1] 在馆    
3 1009883   210098838   教育系资料室/ [索取号:K241/14:1] 在馆    
4 1009884   210098847   教育系资料室/ [索取号:K241/14:1] 在馆    
5 1009885   210098856   第二借阅区/ [索取号:K241/14:1] 在馆    
6 1009886   210098865   第二借阅区/ [索取号:K241/14:1] 在馆    
唐山师范学院图书馆 欢迎您!
大连网信软件有限公司© 版权所有